Umenie dobrej prezentácie máte pred sebou prezentáciu Vašej školy?
Desať zásad pre kvalitnejšiu prezentáciu v ilustračných príkladoch.
Enregistré dans:
| Auteur principal: | |
|---|---|
| Format: | Chapitre de livre |
| Langue: | slovaque |
| Sujets: | |
| Tags: |
Pas de tags, Soyez le premier à ajouter un tag!
|
MARC
| LEADER | 00000naa a2200000 4500 | ||
|---|---|---|---|
| 001 | 0143741 | ||
| 005 | 20231127102344.1 | ||
| 041 | 0 | |a slo | |
| 044 | |a SK | ||
| 245 | 1 | 0 | |a Umenie dobrej prezentácie |b máte pred sebou prezentáciu Vašej školy? |c Saskia Repčíková |
| 520 | |a Desať zásad pre kvalitnejšiu prezentáciu v ilustračných príkladoch. | ||
| 610 | 2 | 0 | |a školy |
| 610 | 2 | 0 | |a vzdelávanie |
| 610 | 2 | 0 | |a prezentácia |
| 610 | 2 | 0 | |a komunikácia |
| 100 | 1 | |a Repčíková, Saskia | |